000 00386 a2200145 4500
999 _c12182
_d12182
003 OSt
005 20231223163952.0
008 231223b ||||| |||| 00| 0 eng d
020 _a9781407564081
082 _a206.57
_bHAT
100 _aHattstein, Markus
245 _aMonasteries :
_bplaces of spirituality and seclusion around the world
260 _bParragon Inc
_c2010
942 _2ddc